| 000 | 00000cam 2200000zi 4500 |
| 001 | 9.958197 |
| 003 | CaOODSP |
| 005 | 20251211152834 |
| 006 | m o d f |
| 007 | cr |n||||||||| |
| 008 | 251211s1928 nscd ob f|0| 0 eng d |
| 040 | |aCaOODSP|beng|erda|cCaOODSP |
| 043 | |an-cn--- |
| 086 | 1 |aFs52-5/33-1928E-PDF |
| 100 | 1 |aRice, Christine E., |eauthor. |
| 245 | 14|aThe effect of temperature upon the rate of decomposition of haddock muscle / |cChristine E. Rice and Ernest Hess. |
| 264 | 1|aHalifax : |bBiological Board of Canada, |c1928. |
| 300 | |a1 online resource (33, [8] pages) : |bcharts. |
| 336 | |atext|btxt|2rdacontent |
| 337 | |acomputer|bc|2rdamedia |
| 338 | |aonline resource|bcr|2rdacarrier |
| 490 | 1 |aManuscript reports of the experimental stations ; |vno. 33 |
| 500 | |aDigitized edition from print [produced by Department of Fisheries and Oceans]. |
| 504 | |aIncludes bibliographical references (pages [6-8]). |
| 650 | 0|aRefrigeration and refrigerating machinery|xResearch. |
| 650 | 0|aFrozen haddock. |
| 650 | 0|aDecomposition (Chemistry) |
| 650 | 6|aRéfrigération et appareils frigorifiques|xRecherche. |
| 650 | 6|aÉglefin congelé. |
| 650 | 6|aDécomposition (Chimie) |
| 710 | 2 |aBiological Board of Canada, |eissuing body. |
| 830 | #0|aManuscript reports of the experimental stations ;|vno.33.|w(CaOODSP)9.948621 |
| 856 | 40|qPDF|s15.70 MB|uhttps://publications.gc.ca/collections/collection_2025/mpo-dfo/fs52-5/Fs52-5-33-1928-eng.pdf |